Te llevaré en mis ojos /
Tallennettuna:
| Päätekijä: | |
|---|---|
| Aineistotyyppi: | Kirja |
| Kieli: | Spanish |
| Julkaistu: |
San José, C.R. :
EUNED,
2010.
|
| Painos: | 1. edición |
| Aiheet: | |
| Tagit: |
Lisää tagi
Ei tageja, Lisää ensimmäinen tagi!
|
MARC
| LEADER | 00000cam a2200000Ia 4500 | ||
|---|---|---|---|
| 001 | 6872616 | ||
| 005 | 20240118104240.0 | ||
| 008 | 071128s2007 cr 000 f spa d | ||
| 020 | |a 9789968315562 | ||
| 020 | |a 9968315567 | ||
| 082 | |a CR863.4 |b A6963t | ||
| 100 | 1 | |a Arias Formoso, Rodolfo |d 1956- |e Autor/a | |
| 245 | 1 | 0 | |a Te llevaré en mis ojos / |c Rodolfo Arias Formoso |
| 250 | |a 1. edición | ||
| 260 | 1 | |a San José, C.R. : |b EUNED, |c 2010. | |
| 300 | |a 500 páginas | ||
| 650 | 0 | |a LITERATURA COSTARRICENSE |x NOVELA |9 13 | |
| 942 | |2 ddc |c BK |h CR863.4 A6963t |6 CR_863_400000000000000_A6963T | ||
| 999 | |c 22326 |d 22326 | ||



